Commercial secured lending ESG and sustainability framework (Record no. 121596)

MARC details
000 -LEADER
fixed length control field 01486nam a22002417a 4500
008 - FIXED-LENGTH DATA ELEMENTS--GENERAL INFORMATION
fixed length control field 230704e20230703xxk|||||o|||| 00| 0 eng d
041 ## - LANGUAGE CODE
Language code of text/sound track or separate title eng
110 ## - MAIN ENTRY--CORPORATE NAME
Corporate author Royal Institution of Chartered Surveyors
245 ## - TITLE STATEMENT
Title Commercial secured lending ESG and sustainability framework
Medium [Electronic resource]
260 ## - PUBLICATION INFORMATION
Place of publication London,
Publisher Royal Institution of Chartered Surveyors,
Date 3 July 2023
300 ## - PHYSICAL DESCRIPTION
Physical description 5p.
520 ## - ABSTRACT
Abstract A joint forum of commercial lenders and valuers has developed a draft framework for consistent instructions and reporting relating to key issues of ESG in UK commercial secured lending. This framework is a list of key considerations to help valuers and lenders consistently fulfil their ESG obligations for UK commercial real estate secured <br/>lending. The framework is not an RICS standard or practice information and is provided for information only. Its use is not mandated by RICS. The framework compliments Red Book Global Standards, the Red Book UK Supplement and Sustainability and ESG in commercial property valuation and strategic advice, and does not replace any part of them.
650 ## - KEYWORDS
Keywords ESG
650 ## - KEYWORDS
Keywords FUNDING
650 ## - KEYWORDS
Keywords PROPERTY FINANCE
650 ## - KEYWORDS
Keywords PROPERTY INVESTMENT
651 ## - SUBJECT ADDED ENTRY--GEOGRAPHIC NAME
Geographic name United Kingdom
690 ## - BROAD SUBJECT
9 (RLIN) 6273
Broad subject Valuation
710 ## - ADDED CORPORATE NAME
Added corporate author Royal Institution of Chartered Surveyors
710 ## - ADDED CORPORATE NAME
Added corporate author Commercial Panel Managers Forum
856 ## - ONLINE RESOURCE
Uniform Resource Identifier <a href="https://www.rics.org/news-insights/esg-framework">https://www.rics.org/news-insights/esg-framework</a>
Public note Available free on RICS.org
942 ## - ADDED ENTRY ELEMENTS (KOHA)
Suppress in OPAC Do not suppress in OPAC
Holdings
Lost status Damaged status Not for loan Current library Shelving location Date acquired Total Checkouts Full call number Date last seen Price effective from Koha item type
      Virtual Online 04/07/2023   ONLINE PUBLICATION 04/07/2023 04/07/2023 Online material